| 000 | 007910000a22002410004500 | ||
|---|---|---|---|
| 003 | LK-CoMWRAF | ||
| 005 | 20231115093034.0 | ||
| 008 | 230817t1997 ||||| |||| 00| 0 eng d | ||
| 020 | _a0815627602 | ||
| 040 |
_aLK-CoMWRAF _dLK-CoMWRAF _eLK-CoMWRAF |
||
| 041 | _aeng | ||
| 082 |
_a305.48 _bMUS |
||
| 245 |
_aMuslim Women and the Politics of Participation: _bimplementing the Beijing platform |
||
| 260 |
_aNew York: _bSyracuse, _c1997 |
||
| 300 |
_axxiii, 198 p. ; 24 cm. _bBibliography and index included |
||
| 490 | _aGender, culture and politics in the Middle East | ||
| 650 | _aMUSLIM WOMEN | ||
| 650 | _aWomen's rights--Islamic countries. | ||
| 650 | _aWomen's rights--Religious aspects--Islam. | ||
| 700 |
_aAfkhami, Mahnaz. _eed. |
||
| 700 |
_aFriedl, Erika _eed. |
||
| 942 | _cBK | ||
| 999 |
_c413 _d413 |
||